000 00631nam a22002297a 4500
003 BUBTL
008 240313b ||||| |||| 00| 0 eng d
020 _a9780415664226
041 _aEnglish
082 _a342.41/ B2641c/ 2011
100 _95732
_aBarnett, Hilaire
245 _aConstitutional & Administrative Law/
_bHilaire Barnett
250 _a9th ed.
260 _aNew York
_bRoutledge
_cc2011
300 _a[xiii], 685 p. :
_bill. ; 23 cm.
500 _aIncludes Bibliography Index.
526 _aLaw
650 0 _92102
_aLaw
856 _k0
_l0
_yDownload
942 _2ddc
_cBK
999 _c7258
_d7258